Frutas mais produzidas no Brasil - Statistics

Estatísticas Gerais
  • Esse quiz foi jogado 147 vezes
  • A pontuação média é 12 de 17
Estatísticas das Respostas
Produção* Frutas % Correto
17,61 Laranja
96%
6,82 Banana
94%
1,75 Uva
90%
1,78 Melancia
87%
1,72 Limão
85%
0,86 Melão
83%
2,30 Abacaxi
80%
1,13 Mamão
77%
1,75 Manga
77%
4,16 Tomate
72%
0,42 Abacate
69%
0,71 Maracujá
65%
0,58 Goiaba
62%
1,05 Tangerina
62%
1,69 Açaí
61%
2,31 Coco
49%
0,29 Cacau
39%
Nenhum quiz correspondente encontrado
Distribuição das Pontuações
Porcentagem de Pessoas com Cada Pontuação
Percentil de Números Respondidos
Sua Pontuação Histórica
Você não jogou esse quiz